Elements of business finance/ (Record no. 11951)
[ view plain ]
| 000 -LEADER | |
|---|---|
| fixed length control field | 00758nam a22002777i 4500 |
| 003 - CONTROL NUMBER IDENTIFIER | |
| control field | URS |
| 005 - DATE AND TIME OF LATEST TRANSACTION | |
| control field | 20220117094939.0 |
| 008 - FIXED-LENGTH DATA ELEMENTS--GENERAL INFORMATION | |
| fixed length control field | 170725b xxu||||| |||| 00| 0 eng d |
| 040 ## - CATALOGING SOURCE | |
| Description conventions | rda |
| Transcribing agency | URSR |
| Language of cataloging | eng |
| 041 ## - LANGUAGE CODE | |
| Language code of text/sound track or separate title | eng |
| 042 ## - AUTHENTICATION CODE | |
| Authentication code | DMLUC |
| 050 00 - LIBRARY OF CONGRESS CALL NUMBER | |
| Classification number | HF 5691 |
| Item number | M672 1979 |
| 100 1# - MAIN ENTRY--PERSONAL NAME | |
| Personal name | Miranda, Gregorio S., |
| Relator term | author |
| 245 10 - TITLE STATEMENT | |
| Title | Elements of business finance/ |
| Statement of responsibility, etc. | Gregorio S. Miranda |
| 250 ## - EDITION STATEMENT | |
| Edition statement | Rev. enl. ed. |
| 264 #1 - PRODUCTION, PUBLICATION, DISTRIBUTION, MANUFACTURE, AND COPYRIGHT NOTICE | |
| Place of production, publication, distribution, manufacture | [S.l.] : |
| Name of producer, publisher, distributor, manufacturer | L and G Business House, |
| Date of production, publication, distribution, manufacture, or copyright notice | [1979] |
| 264 #4 - PRODUCTION, PUBLICATION, DISTRIBUTION, MANUFACTURE, AND COPYRIGHT NOTICE | |
| Date of production, publication, distribution, manufacture, or copyright notice | ©1979 |
| 300 ## - PHYSICAL DESCRIPTION | |
| Extent | x, 346 pages: |
| Dimensions | 21.7 cm. |
| 336 ## - CONTENT TYPE | |
| Source | rdacontent |
| Content type term | text |
| 338 ## - CARRIER TYPE | |
| Source | rdacarrier |
| Carrier type term | volume |
| 504 ## - BIBLIOGRAPHY, ETC. NOTE | |
| Bibliography, etc. note | Includes glossary, bibliography and appendix. |
| 650 ## - SUBJECT ADDED ENTRY--TOPICAL TERM | |
| Topical term or geographic name entry element | Business mathematics. |
| 905 ## - LOCAL DATA ELEMENT E, LDE (RLIN) | |
| a | FI |
| 942 ## - ADDED ENTRY ELEMENTS (KOHA) | |
| Source of classification or shelving scheme | Library of Congress Classification |
| Koha item type | Filipiniana |
| Withdrawn status | Source of classification or shelving scheme | Damaged status | Not for loan | Home library | Current library | Shelving location | Date acquired | Total Checkouts | Full call number | Barcode | Date last seen | Price effective from | Koha item type |
|---|---|---|---|---|---|---|---|---|---|---|---|---|---|
| Library of Congress Classification | Rodriguez College Library | Rodriguez College Library | Reference | 07/25/2017 | HF 5691 M672 1979 | URSROD-2276 | 07/25/2017 | 07/25/2017 | Filipiniana |